000 00924nam a2200253Ia 4500
003 OSt
005 20220923211232.0
006 a|||||r|||| 00| 0
007 ta
008 220922b |||||||| |||| 00| 0 hin d
020 _a9788171245659 (hbk)
_c250
024 _a238,509
037 _b453, 21/03/2009, Vani Prakashan
_cTextual
040 _aARTS
_cARTS
_bhin
041 _2hin
_ahin
082 _aO152,6:g, P7
100 _aतिवारी, राम चन्द्र
_9159983
245 0 _aहिन्दी निबंध और निबंधकार
246 _aHindī nibandha aur nibandhakāra
260 _aवाराणसी
_b विश्वविद्यालय प्रकाशन
_c2007
300 _a172पृ.
_ccm.
942 _hO152,6:g, P7
_cTEXL
_2CC
999 _c297388
_d297388